000 00797nam a2200241 a 4500
001 000043985
005 20260303133933.0
008 140512s2014 dr 000 0 spa d
020 _a9789945410747
040 _aDO-SdBNP
_bspa
_cBNPHU
082 _aRD867.44
_bP438b, 2014
100 1 _aPérez, Mario Emilio,
_d1935-
_922183
245 1 0 _aBrincando por la vida /
_cMario Emilio Pérez.
260 _aSanto Domingo :
_bLetragráfica,
_c2014.
300 _a142 p. ;
_c22 cm.
490 1 _aLibros para todos
650 0 _aHumorismo dominicano
_9275
650 4 _aRepública dominicana
_xAnécdotas, chites, sátiras, etc.
_971940
650 4 _aSátira dominicana
_922186
650 0 _aLiteratura dominicana.
_967
830 0 _aLibros para todos
_97034
910 _aValidado. Control de calidad MFF
999 _c43474
_d43474